000 008330000a22002050004500
041 0 _aeng.
082 0 4 _aG 266.6 M1351g
100 1 _aMcDonald, John.
245 1 0 _aGrace to the nations: A history of Grace Baptist Mission 1826-2011 / John McDonald.
260 _aOxon, England: Grace Baptist Mission.
300 _a192 p.
500 _aContiene tres apéndices relacionados con el personal, los asuntos y los autores que han escrito anteriormente sobre la Grace Baptist Mission.
520 _aDesarrolla la historia ocurrida en 150 años de la Grace Baptist Mission y los campos misioneros en donde han hecho su trabajo misionero.
650 1 4 _aIGLESIA BAUTISTA - MISIONES
001 17671
942 _cBK
999 _c44321
_d44321
336 _atexto
_btxt
_2rdacontent
337 _2rdamedia
_asin mediación
_bn
338 _2rdacarrier
_avolumen
_bnc